Sports Quiz

Random Sports or Football Quiz

Mike Sheahan's Top 50 AFL Footballers 1992 Quiz Stats

 Plays Quiz not verified by Sporcle

Challenge
Share
Tweet
Embed
Score 0/50 Timer 15:00
0 Plays Today
Ranking Player % Correct
1Tony Lockett
100%
2Jason Dunstall
100%
14Peter Matera
94.3%
42Gary Ablett
91.4%
3John Platten
88.6%
8Paul Roos
88.6%
21Stephen Kernahan
88.6%
4Greg Williams
85.7%
7Gavin Brown
85.7%
13Robert Harvey
85.7%
17Stewart Loewe
80%
5Garry Hocking
77.1%
19Stephen Silvagni
77.1%
23Garry Lyon
77.1%
45Peter Sumich
77.1%
12Guy McKenna
74.3%
15Bill Brownless
74.3%
36Peter Daicos
74.3%
40Chris Mainwaring
74.3%
9Tony McGuinness
71.4%
10Jim Stynes
71.4%
25Alastair Lynch
71.4%
27Craig Bradley
71.4%
30Tony Shaw
71.4%
11Barry Stoneham
68.6%
Ranking Player % Correct
22Dermott Brereton
68.6%
34Chris Langford
68.6%
35Paul Couch
68.6%
49John Worsfold
68.6%
32Roger Merrett
65.7%
48Mark Bairstow
65.7%
33John Longmire
62.9%
43Matthew Knights
62.9%
6Craig Turley
57.1%
28Darrin Pritchard
57.1%
29Chris Lewis
57.1%
31Dale Weightman
57.1%
47Paul Dear
57.1%
24Barry Mitchell
54.3%
26Mark Thompson
54.3%
18Brett Heady
51.4%
37Paul Hudson
51.4%
44Danny Frawley
51.4%
50Ben Allan
51.4%
16Tony Francis
48.6%
20Scott Russell
42.9%
41Simon Atkins
28.6%
46Stephen Lawrence
28.6%
38Michael McLean
20%
39John Klug
11.4%

You're not logged in!

Compare scores with friends on all Sporcle quizzes.
Join for Free
OR
Log In

You Might Also Like...

Show Comments

Extras

Top Quizzes Today


Score Distribution

Your Account Isn't Verified!

In order to create a playlist on Sporcle, you need to verify the email address you used during registration. Go to your Sporcle Settings to finish the process.

Report this User

Report this user for behavior that violates our Community Guidelines.

Details: